Odgadnij dartera po opisie - Statystyki

Ogólne statystyki
  • Ten quiz został rozwiązany 78 razy
  • Średni wynik to 7 z 7
Statystyki odpowiedzi
Zagadnienie Odpowiedź % Poprawnych
Młody holender, finalista ostatnich mistrzostw świata PDC Gian Van Veen
100%
Najlepszy polski darter Krzysztof Ratajski
100%
Zwycięzca mistrzostw świata PDC w 2024 roku Luke Humphries
100%
Dwukrotny (obecny) mistrz świata PDC Luke Littler
100%
Trzykrotny mistrz świata z Holandii Michael Van Gerwen
100%
Najwięcej mistrzostw świata w darcie Phil Taylor
98%
Latający szkot (pseudonim darterskie The Flying Scotsman) Gary Anderson
96%
Nie znaleziono quizów pasujących do podanych kryteriów
Rozkład punktacji
Procent ludzi z każdym wynikiem
Percentyl według liczby udzielonych odpowiedzi
Twoja historia wyników
Nie rozwiązałeś tego quizu